Liberia all time starting xi - Statistics

General Stats
  • This quiz has been taken 6 times
  • The average score is 1 of 11
Answer Stats
Hint Answer % Correct
FW(1988-2007 George Weah
100%
MF(2015- Oscar Dorley
20%
GK(1994-2001 Anthony Tokpah
0%
DF(1997-2012 George Gebro
0%
FW(1988-2004 James Debbah
0%
MF(1986-2001 Joe Nagbe
0%
MF(2986-2009 Kelvin Sebwe
0%
FW(1989-2002 Mass Sarr Jr
0%
DF(2021- Sampson Dweh
0%
DF(2009-2019 Teah Dennis
0%
DF(1997-2008 Varmah Kpoto
0%
No matching quizzes found
Score Distribution
Percent of People with Each Score
Percentile by Number Answered
Your Score History
You have not taken this quiz